| 000 | 01067cam a2200337 a 4500 | ||
|---|---|---|---|
| 001 | 2321 | ||
| 005 | 20240719090443.0 | ||
| 020 | _a9780763629298 | ||
| 020 | _a9780763666446 | ||
| 020 | _a0763629294 | ||
| 040 |
_aDLC _cDLC _dDLC _beng |
||
| 050 | 0 | 0 |
_aPZ7.M84696 _bSqu 2007 |
| 082 | 0 | 0 |
_a813.6 _222 |
| 100 | 1 | _aMoser, Lisa | |
| 245 | 1 | 0 |
_aSquirrel's world / _cLisa Moser ; illustrated by Valeri Gorbachev. |
| 250 | _aFirst paperback edition in this format 2013 | ||
| 260 |
_aCambridge : _bCandlewick Press, _c2007 |
||
| 300 |
_a44 pages : _bIllustrations _c23 cm |
||
| 505 | _aG | ||
| 520 | _aSquirrel's well-meaning attempts to help his forest friends do not always turn out as planned. | ||
| 521 |
_a380
_bLexile |
||
| 521 |
_aG
_bRaz-Plus |
||
| 650 | 1 |
_aSquirrels _vFiction. |
|
| 650 | 1 |
_aForest animals _vFiction. |
|
| 650 | 1 |
_aHelpfulness _vFiction. |
|
| 650 | 1 |
_aAnimals _vFiction. |
|
| 650 | 1 | _aHumorous stories. | |
| 700 | 1 |
_aGorbachev, Valeri _eillustrator |
|
| 906 |
_a7 _bcbc _corignew _d1 _eocip _f20 _gy-gencatlg |
||
| 942 |
_2ddc _cBK _n0 |
||
| 999 |
_c2321 _d2321 |
||